00465nam a2200181Ia 4500003000400000008004100004040001600045082001500061100001400076245005500090260003400145300000900179490002500188650001100213650001500224650001600239650002800255GCL140319s9999 xx 000 0 eng d aGCL / cGCL04a747.76bWD1 aWORD LOCK10aDESIGNING AND PLANNING: DINING AREAS / cWORD LOCK a[S.N] : bWORD LOCK ، c1993 a96 P aA CREATING A HOMEv004aDESIGN04aDECORATION04aART, DESIGN04aDINNING - ROOMS, DESIGN